| 000 | 01009cam a2200229 4500 | ||
|---|---|---|---|
| 008 | 000000n2001 000 0 eng u | ||
| 020 | _a0419258604 | ||
| 022 | _a0203478983 | ||
| 035 | _a(Sirsi) u112074 | ||
| 100 | _aIllston, J.M. | ||
| 245 | _aConstruction materials : their nature and behaviour | ||
| 250 | _a3rd ed. | ||
| 260 |
_aLondon _bSpon Press _c2001 |
||
| 300 | _axxvii, 554p. ; 24cm. | ||
| 350 | _a24.99 | ||
| 520 | _aThe third edition of the textbook provides coverage of the main construction materials for undergraduates, graduates and professionals. Materials covered include metals and alloys, concrete, bituminous materials, brickwork and blockwork, polymers, fibre composites and timber. An introductory 'fundamentals' section provides a materials science approach to the structure and behaviour of materials in general. | ||
| 650 | _aBUILDING COMPONENTS | ||
| 650 | _aTECHNOLOGY | ||
| 690 | _aBUILT ENVIRONMENT-BUILDING MATERIALS | ||
| 700 | _aDomone, P.L.J. | ||
| 942 | _n0 | ||
| 999 |
_c101356 _d101356 |
||